000 00718nam a22001697a 4500
999 _c61019
_d61019
005 20231207112342.0
008 231207s1986 ru ||||| |||| 00| 0 rus d
041 _arus
080 _a902/904 A-87
245 _aАрхеология Венгрии :
_bКонец II тысячелетия до н.э. — I тысячелетие н.э. /
_cОтв.ред. В.С. Титов, И. Эрдели.
264 _a М.:
_bНаука,
_c1986.
300 _a352 с. :
_bил.;
_c25 см.
653 _aუნგრეთის არქეოლოგია
700 _aТитов, В.С
_eრედაქტორი
_920612
700 _aЭрдели, И.
_eრედაქტორი
_920613
942 _2udc
_cᲬᲘᲒᲜᲘ